Argentine gauchos and Great Plains cowboys /

Bibliographic Details
Main Author: Slatta, Richard W., 1947- (Author)
Corporate Author: Western History Association. Conference
Format: Manuscript
Language:English
Subjects:

MARC

Tag First Indicator Second Indicator Subfields
LEADER 00000ntm a2200000 i 4500
001 in00005508763
008 241101s1981 ncu b 100 0 eng d
005 20241101202158.6
035 |a (OCoLC)on1465037989 
040 |a TXA  |b eng  |e rda  |c TXA 
035 |a (OCoLC)1465037989 
043 |a s-ag---  |a n-usp-- 
050 4 |a SF284.42.A45  |b S53 1981 
100 1 |a Slatta, Richard W.,  |d 1947-  |e author. 
245 1 0 |a Argentine gauchos and Great Plains cowboys /  |c by Richard W. Slatta, Assistant Prof. of History, North Carolina State Univ. at Raleigh. 
246 1 |i At head of title:  |a Western History Association, San Antonio, TX, Oct. 17, 1981 
264 0 |a [Raleigh, N.C.?] :  |b [Richard W. Slatta],  |c [1981] 
300 |a 8 leaves, 2 unnumbered leaves ;  |c 28 cm 
336 |a text  |b txt  |2 rdacontent 
337 |a unmediated  |b n  |2 rdamedia 
338 |a volume  |b nc  |2 rdacarrier 
500 |a Mimeograph, with corrections, of a paper given at the Westen History Association conference in San Antonio, Texas, on October 17, 1981. 
500 |a Caption title. 
504 |a Includes bibliographical references on the two unnumbered leaves. 
650 0 |a Horsemen and horsewomen  |z America  |x History. 
650 0 |a Gauchos  |z Argentina  |x Social life and customs. 
650 0 |a Cowboys  |z Great Plains  |x Social life and customs. 
650 0 |a Cowboys  |z West (U.S.)  |x Social life and customs. 
710 2 |a Western History Association.  |b Conference  |n (21st :  |d 1981 :  |c San Antonio (Tex.)) 
994 |a Z0  |b TXA 
948 |h HELD BY TXA - 0 OTHER HOLDINGS 
999 f f |s b658e83e-ed92-4cb3-80a8-a9c1c7d1bb26  |i 32e7b584-c2df-4f9e-86a3-65c7e311f216  |t 0 
952 f f |p noncirc  |a Texas A&M University  |b College Station  |c Cushing Memorial Library & Archives  |d Cushing: Dykes (Does not check out)  |t 0  |e SF284.42.A45 S53 1981  |h Library of Congress classification  |i unmediated -- volume  |m A14853151746 
998 f f |a SF284.42.A45 S53 1981  |t 0  |l Cushing: Dykes (Does not check out)